000 01044cab a2200241 4500
001 X95879
008 090401t1999 xxu||||| |||| 00| 0 eng d
035 _a(Sirsi) u90507
041 _aeng
245 _aAlfred McAlpine Homes Northumbria Ltd v Darlington BC and Yuill Developments Ltd v Darlington BC
260 _c1999
350 _a0
490 _aJournal of Planning and Environment Law
_v[1999] JPL 53-74(22)
520 _aQBD 18 June 1998. Local plan - housing land allocation - council did not follow Inspector`s recommendations - was Council in breach of the Regulations - failure to hold a second public inquiry - application allowed - material parts of the plan quashed. Headnote fron journal.
650 _aALFRED MCALPINE HOMES NORTHUMBRIA LTD V DARLINGTON BC AND ANOTHER
650 _aBREACH OF REGULATIONS
650 _aHOUSING DEVELOPMENTS
650 _aLOCAL DEVELOPMENT PLANS
650 _aTOWN AND COUNTRY PLANNING ACT 1990
690 _aPLANNING LAW AND PRACTICE-CASE LAW
942 _n0
948 _c05/01/1999
999 _c57388
_d57388